00834nam a2200169 a 450000500170000000800410001702000180005805000220007624500710009826000690016930000290023844000250026750000410029252002870033352100090062065000350062920140310183407.0121018s19uu xx 00 eng d a9781422128862 aHD 66b.L438 2010 aLeading virtual teams :bexpert solutions to everyday challenges / aBoston, Mass. ; London :bHarvard Business ; McGraw-Hill,c2010. a81 p. :bill. ;c18 cm.  aPocket mentor series aIncludes bibliographical references. aHow do you lead a team scattered across the globe? How do you keep members you can't see organized, communicative, and productive? This book offers advice on forming virtual teams, assessing their communication and technology needs, and ensuring that they produce high-quality work. aBSBA aVirtual work teamsxManagement